header

Documenting discrimination against migrant workers in the labour market (Record no. 3244)

MARC details
000 -LEADER
fixed length control field 01340nam a22003014a 4500
245 00 - TITLE STATEMENT
Title Documenting discrimination against migrant workers in the labour market
260 ## - PUBLICATION, DISTRIBUTION, ETC. (IMPRINT)
Place of publication Geneva :
Name of publisher International Labour Office,
Year of publication c2000.
300 ## - PHYSICAL DESCRIPTION
Number of Pages x, 113 p. :
Other physical details ill.
650 #0 - SUBJECT ADDED ENTRY--TOPICAL TERM
Topical Term Migrant labor
Topical Term Discrimination in employment
Topical Term Migrant labor
700 1# - ADDED ENTRY--PERSONAL NAME
Personal name Zegers de Beijl, Roger.
856 40 - ELECTRONIC LOCATION AND ACCESS
Uniform Resource Identifier http://site.ebrary.com/lib/rucke/Doc?id=10004977

No items available.

© 2026 Rongo University
Contact us: librarian | system librarian | Rongo university